000 00842nam a2200205Ii 4500
003 JO-AjNU
008 230605s9999||||xx |||||||||||||| ||und||
040 _aJO-AjNU
_bara
_erda
_cJO-AjNU
041 _aara
050 1 4 _aBP152.Q2383 2002
100 3 _aالحنفي، قاسم بن قطلوبغا المصري ؛ تقديم: خليل الميس ؛ دراسة وتحقيق: ضياء يونس,
_eauthor
_956439
245 0 0 _aالتصحيح والترجيح على مختصر القدوري
250 _aط1
264 3 1 _aبيروت: دار الكتب العلمية، 2002
300 _a495ص
_bالمصادر والمراجع ص 477-486
336 _atext
_btxt
_2rdacontent
337 _aunmediated
_bn
_2rdamedia
338 _avolume
_bnc
_2rdacarrier
650 4 _aالفقه الحنفي- الفقه الاسلامي- مذاهب
_956440
999 _aA25232
_c28800
_d28800